| 000 | 00649nam a22001937a 4500 | ||
|---|---|---|---|
| 005 | 20180507151708.0 | ||
| 010 | _aENG-122481 | ||
| 020 |
_a9788171773282 _c650.00 |
||
| 035 | _aEN-106013 | ||
| 037 | _bDBAD/PUB | ||
| 082 | _a343.540785269 | ||
| 100 | _aKanungo, Arjun | ||
| 245 |
_aThe land surveying : _cby Arjun Kanungo _blaw, practice & procedure / |
||
| 260 |
_aKolkata (Calcutta) _bEastern Lal House Pvt. Ltd. _c2018 |
||
| 270 |
_a54 Ganesh Chunder Avenue _bKolkata (Calcutta) _e(033) 2215-1989 _mmail@elh.co.in |
||
| 300 |
_a346p. _bill. _c22cm(Hb) |
||
| 500 | _aIt include index | ||
| 942 |
_2ddc _cEN _mKAN _h343.540785269 |
||
| 999 |
_c150737 _d150737 |
||